Historia natural : (Record no. 80161)

MARC details
000 -LEADER
campo de control de longitud fija 02037nam a2200397 i 4500
001 - NÚMERO DE CONTROL
campo de control 80161
003 - IDENTIFICADOR DE NÚMERO DE CONTROL
campo de control ES-MaACL
005 - FECHA Y HORA DE LA ÚLTIMA TRANSACCIÓN
campo de control 20251003195005.0
007 - CAMPO FIJO DE DESCRIPCIÓN FÍSICA--INFORMACIÓN GENERAL
campo de control de longitud fija t|
008 - DATOS DE LONGITUD FIJA--INFORMACIÓN GENERAL
campo de control de longitud fija 041026m19251927sp e 00110 spa d
080 ## - NÚMERO DE LA CLASIFICACIÓN DECIMAL UNIVERSAL
Número de la Clasificación Decimal Universal 502(031)
245 00 - MENCIÓN DEL TÍTULO
Título Historia natural :
Resto del título vida de los animales, de las plantas y de la Tierra /
Mención de responsabilidad, etc. prólogo de Ignacio Bolívar.
260 ## - PUBLICACIÓN, DISTRIBUCIÓN, ETC.
Lugar de publicación, distribución, etc. Barcelona :
Nombre del editor, distribuidor, etc. J. Gallach,
Fecha de publicación, distribución, etc. [1925-1927] (
Fabricante Imp. Elzeviriana)
300 ## - DESCRIPCIÓN FÍSICA
Extensión 4 v. :
Otras características físicas il. ;
Dimensiones 30 cm.
505 8# - NOTA DE CONTENIDO CON FORMATO
Nota de contenido con formato Contiene: I. Zoología (Vertebrados) / por Ángel Cabrera, Joaquín Maluquer y Luis Lozano (518 p., 9 lám.) -- II. Zoología (Invertebrados) / por Enrique Rioja Lo-Bianco, Cándido Bolívar y Pieltain, Gonzalo Ceballos, P. Ambrosio Fernández y P. Agustín Barreiro (518 p., 9 lám.) -- III. Botánica / por Romualdo González Fragoso, P. Alfonso Luisier y Pío Font Quer (519 p., 9 lám.) -- IV. Geología / por Rafael Candel Vila, Lucas Fernández Navarro, Francisco Hernández-Pacheco y Eduardo Hernández-Pacheco (619 p., 7 lám.)
650 #4 - PUNTO DE ACCESO ADICIONAL DE MATERIA--TÉRMINO DE MATERIA
Término de materia o nombre geográfico como elemento de entrada Ciencias naturales-
Subdivisión de forma Enciclopedias.
9 (RLIN) 10986
650 #7 - PUNTO DE ACCESO ADICIONAL DE MATERIA--TÉRMINO DE MATERIA
Término de materia o nombre geográfico como elemento de entrada Zoología
Fuente del encabezamiento o término embne
9 (RLIN) 17868
650 #7 - PUNTO DE ACCESO ADICIONAL DE MATERIA--TÉRMINO DE MATERIA
Término de materia o nombre geográfico como elemento de entrada Botánica
Fuente del encabezamiento o término embne
9 (RLIN) 10610
650 #7 - PUNTO DE ACCESO ADICIONAL DE MATERIA--TÉRMINO DE MATERIA
Término de materia o nombre geográfico como elemento de entrada Geología
Fuente del encabezamiento o término embne
9 (RLIN) 13086
700 1# - ENTRADA AGREGADA--NOMBRE PERSONAL
Nombre de persona Bolívar, Ignacio,
Fechas asociadas al nombre 1850-1944
9 (RLIN) 29963
700 1# - ENTRADA AGREGADA--NOMBRE PERSONAL
Nombre de persona Cabrera, Ángel,
Fechas asociadas al nombre 1879-1960
9 (RLIN) 33276
700 1# - ENTRADA AGREGADA--NOMBRE PERSONAL
Nombre de persona Maluquer i Sostres, Joaquim,
Fechas asociadas al nombre 1930-
9 (RLIN) 165373
700 1# - ENTRADA AGREGADA--NOMBRE PERSONAL
Nombre de persona Rioja Lo Bianco, Enrique.
9 (RLIN) 97350
700 1# - ENTRADA AGREGADA--NOMBRE PERSONAL
Nombre de persona Bolívar Pieltain, Cándido,
Fechas asociadas al nombre 1896-1976
9 (RLIN) 142326
700 1# - ENTRADA AGREGADA--NOMBRE PERSONAL
Nombre de persona Ceballos y Fernández de Córdoba, Gonzalo.
9 (RLIN) 142460
700 1# - ENTRADA AGREGADA--NOMBRE PERSONAL
Nombre de persona Fernández, Ambrosio.
9 (RLIN) 165374
700 1# - ENTRADA AGREGADA--NOMBRE PERSONAL
Nombre de persona González Fragoso, Romualdo.
9 (RLIN) 58637
700 1# - ENTRADA AGREGADA--NOMBRE PERSONAL
Nombre de persona Luisier, Alfonso.
9 (RLIN) 165375
700 1# - ENTRADA AGREGADA--NOMBRE PERSONAL
Nombre de persona Font Quer, P. (
Fechas asociadas al nombre 1888-1964)
9 (RLIN) 51574
700 1# - ENTRADA AGREGADA--NOMBRE PERSONAL
Nombre de persona Candel Vila, Rafael.
9 (RLIN) 34451
700 1# - ENTRADA AGREGADA--NOMBRE PERSONAL
Nombre de persona Fernández Navarro, Lucas,
Fechas asociadas al nombre 1869-1930
9 (RLIN) 49953
700 1# - ENTRADA AGREGADA--NOMBRE PERSONAL
Nombre de persona Hernández-Pacheco, Eduardo,
Fechas asociadas al nombre 1872-1965
9 (RLIN) 63012
700 1# - ENTRADA AGREGADA--NOMBRE PERSONAL
Nombre de persona Hernández-Pacheco, Francisco,
Fechas asociadas al nombre 1899-1976
9 (RLIN) 63010
852 4# - LOCALIZACIÓN
Ubicación ES-MaACL
Número de control de estantería B-1718-21
Holdings
Estatus retirado Estado de pérdida Estado de daño No para préstamo Biblioteca de origen Biblioteca actual Ubicación en estantería Fecha de adquisición Fuente de adquisición Total de préstamos Signatura topográfica completa Código de barras Visto por última vez Precio de reemplazo Tipo de ítem Koha
        Biblioteca del Ateneo de Madrid Biblioteca del Ateneo de Madrid Sala Pardo Bazán 17/01/2008     B-1718-21 1083812 23/02/2023 23/02/2023 Libro impreso